Chủ nghĩa xã hội khoa học : Đề cương bài giảng ( Dùng cho Trường Đại học Bách khoa Hà Nội)

Chủ nghĩa xã hội khoa học hoặc chủ nghĩa cộng sản khoa học là một trong ba bộ phận hợp thành chủ nghĩa Mác lênin. Đối tượng và phương pháp nghiên cứu chủ nghĩa xã hội khoa học. Cách mạng vô sản, chuyên chính vô sản, chiến lược cách mạng cu...

Πλήρης περιγραφή

Αποθηκεύτηκε σε:
Λεπτομέρειες βιβλιογραφικής εγγραφής
Συλλογικό Έργο: Đại học Bách khoa Hà Nội., Khoa Mác - Lê
Μορφή: Βιβλίο
Γλώσσα:Undetermined
Έκδοση: Hà Nội Khoa học Kỹ thuật 2005
Θέματα:
Ετικέτες: Προσθήκη ετικέτας
Δεν υπάρχουν, Καταχωρήστε ετικέτα πρώτοι!
Thư viện lưu trữ: Trung tâm Học liệu Trường Đại học Cần Thơ
LEADER 01205nam a2200241Ia 4500
001 CTU_106580
008 210402s9999 xx 000 0 und d
020 |c 7500 
082 |a 335.423 
082 |b Kh401 
110 |a Đại học Bách khoa Hà Nội. 
110 |b Khoa Mác - Lê 
245 0 |a Chủ nghĩa xã hội khoa học : 
245 0 |b Đề cương bài giảng ( Dùng cho Trường Đại học Bách khoa Hà Nội) 
245 0 |c Khoa Mác- Lênin. Đại học Bách khoa Hà Nội 
260 |a Hà Nội 
260 |b Khoa học Kỹ thuật 
260 |c 2005 
520 |a Chủ nghĩa xã hội khoa học hoặc chủ nghĩa cộng sản khoa học là một trong ba bộ phận hợp thành chủ nghĩa Mác lênin. Đối tượng và phương pháp nghiên cứu chủ nghĩa xã hội khoa học. Cách mạng vô sản, chuyên chính vô sản, chiến lược cách mạng của giai cấp vô sản. 
650 |a Socialism 
904 |i M.Loan, Q. Hiếu (sửa) 
910 |a Thay số Cutter thành Kh401 
980 |a Trung tâm Học liệu Trường Đại học Cần Thơ